Vplyv účinku plazmy na vlastnosti čiernobielej želatínovej fotografie bakalárska práca

Salvato in:
Dettagli Bibliografici
Autore principale: Zachariášová, Blanka
Natura: Libro
Lingua:slovacco
Pubblicazione: Bratislava STU FCHPT 2018
Accesso online:Visualizza in OPAC
Tags: Aggiungi Tag
Nessun Tag, puoi essere il primo ad aggiungerne!!

MARC

LEADER 00000nam a2200000 a 4500
005 20260127134158.0
008 181108 2018 xo a 001 0 slo d
035 |a vtls011789620 
039 9 |a 202006031615  |b msnk00  |y 201811081122  |z mschk03 
040 |a STUSCHK1  |b slo  |c STUSCHK1  |e AACR2 
100 1 |a Zachariášová, Blanka 
245 1 |a Vplyv účinku plazmy na vlastnosti čiernobielej želatínovej fotografie  |b bakalárska práca  |c Blanka Zachariášová 
260 |a Bratislava  |b STU FCHPT  |c 2018 
300 |a 61 s.  |b il.  |c 25 cm 
500 |a Študijný program: chémia, medicínska chémia a chemické materiály 
500 |a Školiace pracovisko: Oddelenie polygrafie a aplikovanej fotochémie 
500 |a Evid. číslo: FCHPT-13569-76579 
910 |a SCHK95 
999 |c 5969  |d 5969